Visualizzazione normale
Vista MARC
- Miró Quesada Sosa, Aurelio,
di Personal Name
Records bibliografici associati: 2
001 - CONTROL NUMBER
- control field: 2475
003 - CONTROL NUMBER IDENTIFIER
- control field: IT-RoINE
005 - DATE AND TIME OF LATEST TRANSACTION
- control field: 20131220123148.0
008 - FIXED-LENGTH DATA ELEMENTS
- fixed length control field: 131220|| aca||aabn | a|a d
040 ## - CATALOGING SOURCE
- Original cataloging agency: IT-RoINE
- Transcribing agency: IT-RoINE
100 ## - HEADING--PERSONAL NAME
- Personal name: Miró Quesada Sosa, Aurelio,
- Dates associated with a name: 1907-1998
670 ## - SOURCE DATA FOUND
- Source citation: Work cat.: (IT-RoINE): Miró Quesada Sosa, Aurelio, 1907-1998, El Inca Garcilaso / , 1948.